[Event "O Rei vai morrer"]
[Site "http://www.queenalice.com/game.php?id=313771"]
[Date "2007.12.2"]
[Round "-"]
[White "roquefrizzo"]
[Black "MasterMC"]
[Result "0-1"]
[WhiteElo "1297"]
[BlackElo "1380"]

1. c4 e5 2. Nf3 Nc6 3. d4 Bb4+ 4. Bd2 e4 5. Ne5 Bxd2+ 6. Nxd2 Nxe5 7. dxe5 Qe7
8. a3 Qxe5 9. e3 d5 10. cxd5 Qxd5 11. Bc4 Qe5 12. Qb3 Nh6 13. Qb5+ Qxb5 14.
Bxb5+ c6 15. Be2 O-O 16. Nxe4 b5 17. Rc1 Bb7 18. Nd6 Rab8 19. Bf3 Rfd8 20. Rd1
Rd7 21. O-O Ba6 22. Bxc6 Rc7 23. Rc1 b4 24. Bb5 Rxc1 25. Rxc1 Bxb5 26. Nxb5 bxa3
27. bxa3 g6 28. Nxa7 Kg7 29. f4 Ng4 30. e4 Ra8 31. Nb5 h5 32. Rc7 Rb8 33. Nd6
Rb1+ 34. Rc1 Rxc1# 0-1

[Event "Morte ao Rei"]
[Site "http://www.queenalice.com/game.php?id=324614"]
[Date "2007.12.23"]
[Round "-"]
[White "roquefrizzo"]
[Black "MasterMC"]
[Result "0-1"]
[WhiteElo "1319"]
[BlackElo "1469"]

1. Nc3 e5 2. e4 Nf6 3. Nf3 Nc6 4. a3 Bc5 5. b4 Bb6 6. b5 Ng4 7. bxc6 Nxf2 8.
cxd7+ Bxd7 9. Qe2 Nxh1 10. Nxe5 Qf6 11. Nc4 Bf2+ 12. Kd1 Qg6 13. g3 Bg4 14. Bg2
Bxe2+ 15. Kxe2 Qg4+ 16. Bf3 Qh3 17. Bb2 Qxh2 18. Rxh1 Qxg3 19. Nd5 Bc5 20. Nxc7+
Qxc7 21. Bxg7 Rg8 22. Rxh7 O-O-O 23. Bg4+ Kb8 24. Be5 Bd6 25. Nxd6 Rxd6 26. Bh5
Qc4+ 27. d3 Qxc2+ 28. Ke3 Qxd3+ 29. Kf4 Qg3+ 30. Kf5 Qg5# 0-1

[Event "Challenge"]
[Site "http://www.queenalice.com/game.php?id=337121"]
[Date "2008.1.16"]
[Round "-"]
[White "Dyggo"]
[Black "MasterMC"]
[Result "1-0"]
[WhiteElo "1245"]
[BlackElo "1491"]

1. e4 e5 2. Nf3 Nc6 3. Bb5 Qf6 4. O-O Bc5 5. Nc3 Nge7 6. Nd5 Nxd5 7. exd5 Nd4 8.
Nxd4 Bxd4 9. c3 Bb6 10. d4 exd4 11. Re1+ Kf8 12. Qe2 Qd8 13. b3 dxc3 14. Ba3+ c5
15. dxc6+ d6 16. Bxd6+ Kg8 17. Qe8+ Qxe8 18. Rxe8# 1-0

[Event "AUTO-OPEN-1063"]
[Site "http://www.queenalice.com/game.php?id=374562"]
[Date "2008.3.21"]
[Round "1"]
[White "SiColl007"]
[Black "MasterMC"]
[Result "0-1"]
[WhiteElo "1539"]
[BlackElo "1571"]

1. d4 d6 2. e4 e6 3. g3 h6 4. Nf3 Nf6 5. Nbd2 Be7 6. Bg2 O-O 7. O-O c5 8. e5
dxe5 9. dxe5 Nd5 10. c4 Nb6 11. Ne4 Nxc4 12. Qc2 b5 13. Rd1 Qc7 14. Bf4 Bb7 15.
a4 Bxe4 16. Qxe4 Nc6 17. Bxh6 gxh6 18. Qg4+ Kh7 19. axb5 N6xe5 20. Nxe5 Nxe5 21.
Qh5 f5 22. Bxa8 Rxa8 23. Ra4 Qb7 24. Rh4 Bxh4 25. Qxh4 Nf3+ 0-1

[Event "AUTO-OPEN-1063"]
[Site "http://www.queenalice.com/game.php?id=374563"]
[Date "2008.3.21"]
[Round "1"]
[White "MasterMC"]
[Black "SiColl007"]
[Result "0-1"]
[WhiteElo "1586"]
[BlackElo "1487"]

1. e4 c5 2. Bc4 d6 3. Qf3 Nf6 4. Ne2 g6 5. O-O Bg7 6. d4 cxd4 7. Nxd4 O-O 8. Nc3
Nc6 9. Nxc6 bxc6 10. e5 dxe5 11. Qxc6 Bf5 12. Bd3 Rc8 13. Qa6 e4 14. Be2 e6 15.
Bg5 Qd4 16. Be3 Qe5 17. Bxa7 Ra8 18. Nb5 Bg4 19. Bxg4 Nxg4 20. g3 Qh5 21. Rfe1
Qxh2+ 22. Kf1 Rfb8 23. Nc7 Qh1+ 24. Ke2 Qf3+ 25. Kd2 Rd8+ 26. Kc1 Bh6+ 27. Be3
Bxe3+ 28. fxe3 Rxa6 29. Nxa6 Nxe3 30. b3 Rd1+ 31. Rxd1 Qxd1+ 32. Kb2 Qxc2+ 33.
Ka3 Qg2 34. Nc5 Nc2+ 35. Kb2 Nxa1+ 36. Kxa1 e3 37. Nd3 Qd2 38. Nb2 Qc1# 0-1

[Event "AUTO-OPEN-1063"]
[Site "http://www.queenalice.com/game.php?id=374610"]
[Date "2008.3.21"]
[Round "1"]
[White "MasterMC"]
[Black "killtochess"]
[Result "0-1"]
[WhiteElo "1555"]
[BlackElo "1867"]

1. e4 c5 2. Bc4 e6 3. Nf3 Nc6 4. O-O d6 5. d3 Nf6 6. Bg5 Be7 7. Nc3 O-O 8. Qd2
a6 9. Nh4 b5 10. Nxb5 axb5 11. Bxb5 Nd4 12. Bc4 Nxe4 13. Bxe7 Nxd2 14. Bxd8 Rxd8
15. Rfd1 Nxc4 16. dxc4 Nxc2 17. Rab1 Nd4 18. b4 Rxa2 19. Kf1 g5 20. bxc5 dxc5
21. Nf3 Ba6 22. Ne5 Rd5 23. Ng4 Bxc4+ 24. Kg1 Ne2+ 25. Kh1 Kg7 26. Rxd5 Bxd5 27.
h3 c4 28. Ne3 c3 29. Re1 c2 30. Nxc2 Rxc2 31. Kh2 Nf4 32. Kg3 h5 33. h4 Nxg2 34.
Rg1 gxh4+ 35. Kh2 Rxf2 36. Kh3 Rf3+ 37. Kxg2 Rg3+ 38. Kf2 Rxg1 39. Kxg1 h3 40.
Kh2 Bg2 41. Kg1 Kf6 42. Kh2 Kg5 43. Kg3 h4+ 44. Kh2 Kf4 45. Kg1 Ke3 46. Kh2 f5
47. Kg1 f4 48. Kh2 f3 49. Kg1 f2+ 50. Kh2 f1=N+ 51. Kg1 Ng3 52. Kh2 Nf5 53. Kg1
Nd4 54. Kh2 Nf3# 0-1

[Event "AUTO-OPEN-1063"]
[Site "http://www.queenalice.com/game.php?id=374611"]
[Date "2008.3.21"]
[Round "1"]
[White "killtochess"]
[Black "MasterMC"]
[Result "0-1"]
[WhiteElo "1894"]
[BlackElo "1516"]

1. c4 d6 2. d4 Nf6 3. Nc3 e6 4. e4 c6 5. Nf3 h6 6. Be2 b5 7. cxb5 cxb5 8. Bxb5+
Bd7 9. Bxd7+ Nbxd7 10. O-O Be7 11. h3 O-O 12. e5 dxe5 13. dxe5 Nd5 14. Nxd5 exd5
15. Qxd5 Qc7 16. Bf4 Rad8 17. Rac1 Qb6 18. Qb3 Qa6 19. Be3 Qa5 20. e6 Ne5 21.
Nxe5 Qxe5 22. exf7+ Rxf7 23. Bxa7 Bd6 24. f4 Qf6 25. a4 Kh8 26. g3 Rxa7 27. Kg2
Rb8 28. Qe3 Qxb2+ 29. Rf2 Qb7+ 30. Kh2 Rxa4 31. Rd2 Bf8 32. f5 Be7 33. Re2 Bg5
34. Qe6 Bxc1 35. f6 gxf6 36. Qxf6+ Qg7 37. Qd6 Rab4 38. Re7 Rf8 39. Rxg7 Rb2+
40. Kg1 Be3+ 0-1

[Event "AUTO-INT-841"]
[Site "http://www.queenalice.com/game.php?id=374706"]
[Date "2008.3.21"]
[Round "1"]
[White "montelo"]
[Black "MasterMC"]
[Result "0-1"]
[WhiteElo "1439"]
[BlackElo "1498"]

1. e3 e5 2. Qh5 Qf6 3. Nc3 c6 4. Ne4 Qe6 5. Ng5 Qf5 6. e4 g6 7. Qh4 Qf6 8. Bc4
d5 9. Bb3 Be6 10. exd5 Bxd5 11. Bxd5 cxd5 12. Ne2 Bg7 13. Nc3 Ne7 14. b3 Nbc6
15. Nb5 O-O-O 16. Ba3 Nf5 17. Qg4 h5 18. Nd6+ Rxd6 19. Qb4 Nxb4 20. Bxb4 e4 21.
Bxd6 Qxa1+ 0-1

[Event "AUTO-INT-841"]
[Site "http://www.queenalice.com/game.php?id=374707"]
[Date "2008.3.21"]
[Round "1"]
[White "MasterMC"]
[Black "montelo"]
[Result "1-0"]
[WhiteElo "1551"]
[BlackElo "1423"]

1. e4 e6 2. Bc4 Qh4 3. Qf3 Nc6 4. c3 Ne5 5. Qe2 Nxc4 6. Qxc4 Qg5 7. g3 Bc5 8.
Nf3 Qh5 9. Nh4 c6 10. d4 Be7 11. Ng2 Qg6 12. d5 b5 13. Qd4 cxd5 14. exd5 Bf6 15.
Qe3 Bb7 16. Nf4 Qc2 17. O-O Nh6 18. Nh5 Bxd5 19. Nxf6+ gxf6 20. Qxh6 Qg6 21. Qe3
Qe4 22. Qxe4 Bxe4 23. Nd2 Bg6 24. b3 O-O 25. Ba3 Rfc8 26. h4 Rxc3 27. Bb2 Rc2
28. Bc1 d5 29. Nf3 Rac8 30. Nd4 R2c3 31. Nxb5 Bd3 32. Nxc3 Bxf1 33. Kxf1 Rxc3
34. Bb2 Rf3 35. Kg2 Rf5 36. g4 Rf4 37. Kg3 e5 38. g5 fxg5 39. Bxe5 Rxh4 40. a4
Re4 41. Bb8 Re7 42. b4 Rb7 43. Bd6 f5 44. Rd1 f4+ 45. Kg4 h6 46. Rxd5 Rd7 47. a5
Kf7 48. Rf5+ Ke6 49. Bf8 Rf7 50. Rxf7 Kxf7 51. Bxh6 Kg6 52. Bxg5 Kf7 53. Bxf4
Ke6 54. a6 Kd7 55. Be3 Kc7 56. Bxa7 1-0

[Event "AUTO-INT-841"]
[Site "http://www.queenalice.com/game.php?id=374723"]
[Date "2008.3.21"]
[Round "1"]
[White "MasterMC"]
[Black "zolaweed"]
[Result "1-0"]
[WhiteElo "1551"]
[BlackElo "1649"]

1. e4 e6 2. Bc4 Qh4 3. Qf3 Nf6 4. d3 Ng8 5. Nh3 h6 6. Bf4 d6 7. Nc3 Qf6 8. O-O
Nc6 9. Nb5 Qe7 10. Rfe1 a6 11. Nc3 b5 12. Bb3 Nd4 13. Qg3 a5 14. Be3 e5 15. Nd5
Qd8 16. Bxd4 exd4 17. a3 g5 18. c3 Be6 19. cxd4 c6 20. Nb6 Qxb6 21. d5 Bd7 22.
dxc6 Qxc6 23. Qf3 Rh7 24. Bd5 Qc8 25. Bxa8 Qxa8 26. Qe2 Be7 27. d4 h5 28. Qc2
Rh8 29. d5 h4 30. Qc3 g4 31. Qxh8 Kf8 32. Qc3 gxh3 33. gxh3 Bf6 34. Qc7 Bxh3 35.
Qxd6+ Kg7 36. e5 Be7 37. Qc6 Qa7 38. d6 Qd4 39. dxe7 Qg4+ 40. Kh1 Nxe7 41. Qb7
Qf4 42. Rg1+ Ng6 43. Rxg6+ Kxg6 44. Qc6+ Kh5 45. Qd5 Qxf2 46. Rg1 Bg4 47. e6+ f5
48. Rxg4 Kxg4 49. Qg2+ Qxg2+ 50. Kxg2 f4 51. e7 f3+ 52. Kf2 h3 53. e8=Q a4 54.
Qe4+ 1-0

[Event "AUTO-INT-841"]
[Site "http://www.queenalice.com/game.php?id=374732"]
[Date "2008.3.21"]
[Round "1"]
[White "Augustodombosco"]
[Black "MasterMC"]
[Result "1-0"]
[WhiteElo "1837"]
[BlackElo "1563"]

1. d4 d6 2. c4 Nf6 3. Nc3 Bf5 4. Nf3 a6 5. Bg5 Ne4 6. Nxe4 Bxe4 7. e3 f6 8. Bh4
c6 9. Nd2 Bg6 10. Be2 Qb6 11. b3 Nd7 12. O-O e5 13. Bg4 f5 14. Bh5 Bxh5 15.
Qxh5+ g6 16. Qg5 exd4 17. e4 Qc5 18. Rfe1 Ne5 19. exf5 Kd7 20. Qf6 Bh6 21. Qe7+
Kc8 22. Ne4 Qb4 23. Nxd6+ Kb8 24. Rxe5 Qb6 25. Nf7 Bg7 26. Nxh8 Bxh8 27. Qf8+
Ka7 28. Re8 Rxe8 29. Qxe8 Bg7 30. f6 Bh6 31. f7 d3 32. Qd7 g5 33. Bxg5 Bg7 34.
Qxd3 Qc5 35. Be3 Qxe3 36. Qxe3+ b6 37. Qe7+ Kb8 38. Rd1 Bf6 39. Rd8# 1-0

[Event "AUTO-INT-841"]
[Site "http://www.queenalice.com/game.php?id=374733"]
[Date "2008.3.21"]
[Round "1"]
[White "MasterMC"]
[Black "Augustodombosco"]
[Result "0-1"]
[WhiteElo "1558"]
[BlackElo "1796"]

1. e4 e5 2. Nf3 Nc6 3. Bb5 Bc5 4. O-O d6 5. Bxc6+ bxc6 6. d4 exd4 7. Nxd4 Nf6 8.
Nxc6 Qd7 9. Na5 Nxe4 10. Qe2 Qf5 11. Kh1 O-O 12. Nc6 Nxf2+ 13. Rxf2 Qxf2 14.
Qxf2 Bxf2 15. Nd2 Re8 16. Nf3 Bb7 17. Na5 Bxf3 18. gxf3 Re2 19. c4 h5 20. h3 Bg3
21. Nb3 Rae8 22. Bd2 h4 23. Rd1 Rh2+ 24. Kg1 Rxh3 25. f4 Re4 26. Nc1 Bxf4 27.
Bxf4 Rxf4 28. Ne2 Rxc4 29. Kg2 Re3 30. Kf2 Ree4 31. Nc3 Rg4 32. Ne2 Rc2 33. Kf3
Rg6 34. Nf4 Rf6 35. Kg4 Rxb2 36. Nh5 Rh6 37. Re1 Kf8 38. Rh1 Rxa2 39. Rxh4 g6
40. Nf6 Rxh4+ 41. Kxh4 c5 42. Nh7+ Ke7 43. Ng5 Rg2 44. Nf3 c4 45. Kh3 Rf2 46.
Kg3 Rxf3+ 47. Kxf3 d5 48. Ke3 c3 49. Kd3 d4 50. Kc2 g5 51. Kd1 d3 52. Kc1 d2+
53. Kc2 g4 54. Kd1 g3 55. Ke2 g2 56. Kd3 d1=Q+ 57. Kxc3 g1=Q 58. Kb4 Qb6+ 59.
Kc3 Qc5+ 60. Kb2 Qdc2+ 61. Ka1 Qa3# 0-1

[Event "Invitation"]
[Site "http://www.queenalice.com/game.php?id=392273"]
[Date "2008.4.23"]
[Round "-"]
[White "marcovidica"]
[Black "MasterMC"]
[Result "1-0"]
[WhiteElo "1387"]
[BlackElo "1586"]

1. e4 e5 2. Nf3 Nc6 3. c3 Nf6 4. Qc2 Bc5 5. h3 d5 6. d3 dxe4 7. dxe4 O-O 8. Bc4
Nh5 9. Ng5 Qf6 10. Bxf7+ Rxf7 11. Nxf7 Qxf7 12. Qe2 g6 13. b4 Bb6 14. a4 a6 15.
a5 Ba7 16. Be3 Bxe3 17. Qxe3 Qc4 18. Nd2 Qb5 19. Qc5 Qd3 20. Qc4+ Qxc4 21. Nxc4
Nf4 22. Kf1 Be6 23. Na3 Rf8 24. Rd1 b6 25. b5 axb5 26. Nxb5 Bc4+ 27. Kg1 Ne2+
28. Kh2 Bxb5 29. axb6 cxb6 30. Rb1 Nxc3 31. Rb3 Nxe4 32. Rxb5 Nxf2 33. Rc1 Nd4
34. Rxb6 Nd3 35. Rc7 Nf5 36. Re6 Nh4 37. Ree7 Nf5 38. Rxh7 Ne1 39. g4 Nf3+ 40.
Kh1 Ng3+ 41. Kg2 Ne1+ 42. Kxg3 Rf3+ 43. Kh4 Ng2+ 44. Kg5 e4 45. Rhg7+ Kf8 46.
Rxg6 e3 47. Ra6 Kg8 48. Ra8+ Rf8 49. Rxf8+ Kxf8 50. Rc2 Ne1 51. Re2 Nf3+ 52. Kf4
Nh4 53. Kxe3 Kf7 54. Ke4 Kf6 55. Kf4 Ng6+ 56. Kg3 Kg5 57. Rf2 Nh4 58. Rf8 Ng6
59. Rf5+ Kh6 60. h4 Ne7 61. g5+ Kh5 62. Rf7 Ng8 63. Rg7 Nh6 64. Rh7 Kg6 65.
Rxh6+ Kg7 66. h5 Kg8 67. Ra6 Kg7 68. h6+ Kh7 69. Kh4 Kg8 70. g6 Kh8 71. Ra8# 1-0

[Event "Challenge"]
[Site "http://www.queenalice.com/game.php?id=403705"]
[Date "2008.5.16"]
[Round "-"]
[White "MasterMC"]
[Black "Xavier"]
[Result "0-1"]
[WhiteElo "1586"]
[BlackElo "1800"]

1. e4 c5 2. Bc4 Qa5 3. Qf3 e6 4. Nc3 Bd6 5. Nge2 Nc6 6. Qg4 g6 7. b3 Ne5 8. Qh3
Nxc4 9. bxc4 Be5 10. O-O Bxc3 11. Nxc3 Qb4 12. Nb5 Kd8 13. Qg3 Qa5 14. Bb2 f6
15. Qd6 Ne7 16. Bxf6 Re8 17. Qxc5 Qb6 18. Qxb6+ axb6 19. d4 Ra4 20. a3 Rf8 21.
Bxe7+ Kxe7 22. c5 bxc5 23. d5 Rxe4 24. dxe6 dxe6 25. Nc3 Rc4 26. Nb5 Rxc2 27. a4
b6 28. h4 Ba6 29. f3 Rd8 30. Kh2 Rdd2 31. Rg1 Rf2 32. Nc7 Bb7 33. Kg3 h5 34.
Rae1 Rfe2 35. Rb1 Kd7 36. Nb5 Rc4 37. Rgd1+ Bd5 38. Ra1 Ke7 39. Rab1 Re3 40. Nc7
Rd4 41. Rxd4 cxd4 42. Rxb6 d3 43. Nxd5+ exd5 44. Kf2 d4 45. Rb4 Re2+ 46. Kf1 Ra2
47. Rxd4 d2 48. Ke2 Ke6 49. g4 Ke5 50. Re4+ Kd5 51. gxh5 gxh5 52. Rb4 Ke5 53.
Rb5+ Kd4 54. a5 Kc3 55. Rxh5 Ra1 56. Rc5+ Kd4 57. Kxd2 Kxc5 58. Ke3 Rxa5 59. Ke4
Ra4+ 60. Kf5 Rxh4 61. f4 Kd5 62. Kg5 Rh8 63. f5 Ke5 64. Kg6 Rf8 65. f6 Rxf6+ 66.
Kg7 Ke6 67. Kh8 Kf7 68. Kh7 Rg6 69. Kh8 Rh6# 0-1

[Event "Challenge"]
[Site "http://www.queenalice.com/game.php?id=403706"]
[Date "2008.5.16"]
[Round "-"]
[White "MasterMC"]
[Black "salva9001"]
[Result "0-1"]
[WhiteElo "1579"]
[BlackElo "2064"]

1. e4 d5 2. exd5 Qxd5 3. Nc3 Qa5 4. Bc4 e6 5. Nf3 Nf6 6. O-O Be7 7. d4 O-O 8.
Bd2 c6 9. Nd5 Qd8 10. Nxe7+ Qxe7 11. Qe1 Rd8 12. Qe5 Nbd7 13. Qg3 Ne4 14. Qh3
Nxd2 15. Nxd2 Nf6 16. c3 c5 17. Nf3 a6 18. Bd3 b5 19. Ng5 h6 20. Nf3 e5 21. Bf5
Bxf5 22. Qxf5 exd4 23. Ne5 Qc7 24. cxd4 Rxd4 25. Qf3 Re8 26. Nd3 c4 27. Nb4 a5
28. Nc2 Rd2 29. Ne3 Rxb2 30. Nf5 Qe5 31. h3 Qe2 32. Nxh6+ gxh6 33. Qxf6 Rxa2 34.
Rfe1 Rxa1 35. Rxa1 Qe5 36. Qxe5 Rxe5 37. Rxa5 c3 38. Ra8+ Kg7 39. Rc8 b4 40. Rc4
Rb5 41. Kf1 b3 42. Rxc3 b2 43. Re3 b1=Q+ 44. Re1 Qd3+ 45. Kg1 Rb1 46. Rxb1 Qxb1+
47. Kh2 Qf5 48. h4 Qxf2 49. h5 Kf6 50. Kh3 Kg5 51. g4 Qf3+ 52. Kh2 Kxg4 53. Kg1
Qe2 54. Kh1 Kf3 55. Kg1 Qg2# 0-1

[Event "Invitation"]
[Site "http://www.queenalice.com/game.php?id=571470"]
[Date "2009.4.13"]
[Round "-"]
[White "Biasi"]
[Black "MasterMC"]
[Result "1-0"]
[WhiteElo "1898"]
[BlackElo "1577"]

1. e4 e5 2. Nf3 Nc6 3. Bc4 Bc5 4. d3 h6 5. Nc3 Nf6 6. h3 d6 7. Qe2 Na5 8. a3
Nxc4 9. dxc4 O-O 10. Be3 Bxe3 11. Qxe3 Be6 12. O-O-O Bxc4 13. Nxe5 Be6 14. f4
Qe8 15. Nf3 Qc6 16. f5 Bc4 17. Rd4 d5 18. e5 Nh5 19. b3 Ng3 20. bxc4 Nxh1 21.
cxd5 Qa6 22. Ne2 c5 23. Rg4 Rad8 24. f6 g6 25. d6 c4 26. Kd2 c3+ 27. Nxc3 Ng3
28. Rxg3 Rxd6+ 29. exd6 Qxd6+ 30. Nd4 Qxf6 31. Ne4 Qe5 32. Rf3 f5 33. Nc3 Qd6
34. Qe6+ Qxe6 35. Nxe6 Rf6 36. Nd4 f4 37. g4 g5 38. Nf5 a5 39. Rd3 b6 40. Nd5
Re6 41. Nc7 Rc6 42. Ne7+ 1-0